LEADER 00705nam a2200181 i 4500 001 000000196008 003 CaOOAMICUS 005 20260119172159.0 008 110111s1976 it u000 u ita u 040 $aSeMil$bita 245 10$a3: Tempo ordinario, settimane 1.-17. 300 $a1894 p. 773 0 $aChiesa Cattolica$tLiturgia delle ore secondo il rito romano.$d[Città del Vaticano] : Libreria Editrice Vaticana, 1976.$g3$w()24144 850 $aSeMil 852 $aSeMil$W1$xVenegono$y1$m3KK I 24/3$j266273$B146573$CSeMilBibl$Z2$F158033 $81 961 $aEx libris don Angelo Sala 996 $6245$a3: Tempo ordinario, settimane 1.-17.$9(OLS)http://semarc/title/159466 LEADER 01438nam a2200241 4500 001 000000359253 003 CaOOAMICUS 005 20260312125241.0 008 240806s1804 fr a 000 u fre r 026 $ea.me elux mee. d'6. (3) 1804 (A) 040 $aSeMil$bita 100 11$aHuber, Michael,$d<1727-1804>.$0(OLS)http://semarc/name/120138 245 10$aTome huitième renfermant l'École de France. 264 1$aA Zuric :$bchez Orell, Fussli et compagnie,$c1804. 300 $a[8], 354, [2] p. :$bill. ;$c8° 500 $aSegn.: ?? A-Y? Z² 700 1 $aRost, Carl Christian Heinrich,$d<1742-1798>.$0(OLS)http://semarc/name/120139 773 0 $aHuber, Michael <1727-1804>$tManuel des curieux et des amateurs de l'art, contenant une notice abrégée des principaux graveurs, et un catalogue raisonné de leurs meilleurs ouvrages; depuis le commencement de la gravure jusque à nos jours: les artistes ranges par ordre chronologique, et divisés par école. Par M. Huber et C. C. H. Rost. Tome 1. [-8.].$dA Londres : chez Henri Escher, Broadstreet Bloomsbury, 1797-1804.$g5$w()359245 850 $aSeMil 852 $aSeMil$W1$xVenegono$y1$m3XC IV 28 FA$j250129$B250296$CSeMilBibl$Z2$F250296 $8I 996 $6245$aTome huitième renfermant l'École de France$9(OLS)http://semarc/title/449693 996 $6264$aA Zuric :$bchez Orell, Fussli et compagnie$9(OLS)http://semarc/publisher/61870